00474nam a22001577a 4500003000400000005001700004008004100021040000800062082001800070100001900088245009200107260005000199300001100249630002500260700003100285OSt20181105105739.0181015b ||||| |||| 00| 0 eng d cDLC aREF 025bK96S aKumar M, Manoj aA Study on Biblical Doctrine of Salvation Based on Pauline Concept /cBy Manoj Kumar M. aGreator Noida, UP :bHarvest Mission College, a58 p.: aInstitutional Thesis aBiju K. Pappachan - Mentor